000 00274nam a2200121Ia 4500
005 20251222143126.0
008 251222s9999||||xx |||||||||||||| ||spa||
082 _a610.12/P68
245 0 _aENAM Exámenes Ahora
250 _a6a. ed.
264 _bPlus Médica
942 _cLIB
999 _c11717
_d11717